000 00451pab a2200157 454500
008 180718b2006 xxu||||| |||| 00| 0 eng d
100 _aTaylor, Hazel
245 _aRisk management and problem resolution strategies for IT projects: prescription and practice
260 _c2006
300 _ap.49-63.
362 _aDec
650 _aProject Management
650 _aInformation technology
773 _aProject Management Journal
909 _a73080
999 _c73080
_d73080